Stabilita a kmitání konstrukcí s netuhými spoji

Gespeichert in:
Bibliographische Detailangaben
1. Verfasser: Fiřt, Vladimír (Verfasst von)
Format: Buch
Sprache:Tschechisch
Veröffentlicht: Praha : Academia, 1974
Tags: Tag hinzufügen
Keine Tags, Fügen Sie das erste Tag hinzu!

MARC

LEADER 00000nam a22000003a 4500
001 stu162043
005 20150617225957.9
008 080423s1974----cs------------------cze-d
040 |a STU  |b slo 
041 0 |a cze 
044 |a cs 
080 |a 624.041 
100 1 |a Fiřt, Vladimír  |4 aut 
245 1 |a Stabilita a kmitání konstrukcí s netuhými spoji 
260 |a Praha :  |b Academia,  |c 1974 
300 |a 399 s  |c 4 príl. 
996 |c V*20722/O-7985  |l VV9  |s P  |a 0  |w stu162043_0001 
996 |b 284V035859  |c V*13687/O-4303  |l VVT  |s A  |a 24  |w stu162043_0002 
996 |b 284V035860  |c V*13688/O-4304  |l VVS  |s A  |a 24  |w stu162043_0003